How to make paper candle-shades / (Запис № 508884)
[ простий вигляд ]
| 000 -LEADER | |
|---|---|
| fixed length control field | 01494nam a2200385 a 4500 |
| 001 - CONTROL NUMBER | |
| control field | howtomakepaperca00pind |
| 003 - CONTROL NUMBER IDENTIFIER | |
| control field | CaSfIA |
| 005 - DATE AND TIME OF LATEST TRANSACTION | |
| control field | 20210118101410.0 |
| 007 - PHYSICAL DESCRIPTION FIXED FIELD--GENERAL INFORMATION | |
| fixed length control field | cr|||| |
| 008 - FIXED-LENGTH DATA ELEMENTS--GENERAL INFORMATION | |
| fixed length control field | 950606s1994 enka 001 0 eng |
| 040 ## - CATALOGING SOURCE | |
| Original cataloging agency | UKM |
| Transcribing agency | UKM |
| Modifying agency | NZGPL |
| -- | CaSfIA |
| 015 ## - NATIONAL BIBLIOGRAPHY NUMBER | |
| National bibliography number | GB95-35270 |
| 020 ## - INTERNATIONAL STANDARD BOOK NUMBER | |
| International Standard Book Number | 0855327812 (pbk) |
| 020 ## - INTERNATIONAL STANDARD BOOK NUMBER | |
| International Standard Book Number | 9780855327811 (pbk) |
| 035 ## - SYSTEM CONTROL NUMBER | |
| System control number | (OCoLC)32747414 |
| 050 #4 - LIBRARY OF CONGRESS CALL NUMBER | |
| Classification number | TT870 |
| Item number | .P648 1994 |
| 082 00 - DEWEY DECIMAL CLASSIFICATION NUMBER | |
| Classification number | 745.54 |
| Edition number | 20 |
| 082 04 - DEWEY DECIMAL CLASSIFICATION NUMBER | |
| Classification number | 745.593 |
| Edition number | 20 |
| 029 0# - (OCLC) | |
| OCLC library identifier | UKM |
| System control number | b9535270 |
| 029 1# - (OCLC) | |
| OCLC library identifier | NZ1 |
| System control number | 4756025 |
| 029 1# - (OCLC) | |
| OCLC library identifier | AU@ |
| System control number | 000011159294 |
| 100 1# - MAIN ENTRY--PERSONAL NAME | |
| Personal name | Pinder, Polly, |
| Dates associated with a name | 1948- |
| 245 10 - TITLE STATEMENT | |
| Title | How to make paper candle-shades / |
| Medium | [electronic resource] |
| Statement of responsibility, etc | Polly Pinder. |
| 260 ## - PUBLICATION, DISTRIBUTION, ETC. (IMPRINT) | |
| Place of publication, distribution, etc | Tunbridge Wells : |
| Name of publisher, distributor, etc | Search Press, |
| Date of publication, distribution, etc | 1994. |
| 300 ## - PHYSICAL DESCRIPTION | |
| Extent | 48 p. : |
| Other physical details | ill. (some col.) ; |
| Dimensions | 26 cm. |
| 500 ## - GENERAL NOTE | |
| General note | Includes index. |
| 506 ## - RESTRICTIONS ON ACCESS NOTE | |
| Standardized terminology for access restriction | Необхідна авторизація на https://archive.org/ (створення облікового запису безкоштовно) |
| 506 ## - RESTRICTIONS ON ACCESS NOTE | |
| Standardized terminology for access restriction | Необхідна авторизація на https://openlibrary.org/ (створення облікового запису безкоштовно) |
| 650 #0 - SUBJECT ADDED ENTRY--TOPICAL TERM | |
| Topical term or geographic name as entry element | Paper work. |
| 650 #0 - SUBJECT ADDED ENTRY--TOPICAL TERM | |
| Topical term or geographic name as entry element | Lanterns. |
| 653 0# - INDEX TERM--UNCONTROLLED | |
| Uncontrolled term | Handicrafts |
| -- | Use of |
| -- | Paper |
| 856 41 - ELECTRONIC LOCATION AND ACCESS | |
| Uniform Resource Identifier | <a href="http://www.archive.org/details/howtomakepaperca00pind">http://www.archive.org/details/howtomakepaperca00pind</a> |
| Public note | Free eBook from the Internet Archive |
| 856 42 - ELECTRONIC LOCATION AND ACCESS | |
| Uniform Resource Identifier | <a href="http://www.openlibrary.org/books/OL24210093M">http://www.openlibrary.org/books/OL24210093M</a> |
| Public note | Additional information and access via Open Library |
| 942 ## - ADDED ENTRY ELEMENTS (KOHA) | |
| Koha item type | ЕКнига |
Немає доступних примірників.